|
|
|
|
| LEADER |
00760nab a2200217 i 4500 |
| 001 |
publ4065 |
| 005 |
20180730112401.0 |
| 008 |
140204s2013 hu o 0|| zxx d |
| 022 |
|
|
|a 0196-9781
|
| 024 |
7 |
|
|a 10.1016/j.peptides.2012.10.011
|2 doi
|
| 024 |
7 |
|
|a 2167285
|2 mtmt
|
| 040 |
|
|
|a SZTE Publicatio Repozitórium
|b hun
|
| 041 |
|
|
|a zxx
|
| 100 |
1 |
|
|a Telegdy Gyula
|
| 245 |
1 |
0 |
|a Involvement of neurotransmitters in the action of apelin-13 on passive avoidance learning in mice
|h [elektronikus dokumentum] /
|c Telegdy Gyula
|
| 260 |
|
|
|a Elsevier
|c 2013
|
| 300 |
|
|
|a 171-174
|
| 490 |
0 |
|
|a Peptides
|v 39
|
| 700 |
0 |
1 |
|a Adamik Ágnes
|e aut
|
| 700 |
0 |
1 |
|a Jászberényi Miklós
|e aut
|
| 856 |
4 |
0 |
|u http://publicatio.bibl.u-szeged.hu/4065/1/apelinusapeptcor.pdf
|z Dokumentum-elérés
|